Západný Balkán ako priorita zahraničnej politiky SR diplomová práca

Saved in:
Bibliographic Details
Main Author: Haršányiová, Marcela
Corporate Author: Fakulta medzinárodných vzťahov EU. Katedra medzinárodných politických vzťahov
Other Authors: Weiss, Peter
Format: Book
Language:Slovak
Published: Bratislava 2008
Tags: Add Tag
No Tags, Be the first to tag this record!

MARC

LEADER 00000nam$a2200000$$$4500
001 0075935
005 20240201120854.3
041 0 |a slo 
044 |a SK 
245 1 0 |a Západný Balkán ako priorita zahraničnej politiky SR  |b diplomová práca  |c Marcela Haršányiová ; škol. Peter Weiss 
264 1 |a Bratislava  |c 2008 
300 |a 69 s. 
100 1 |a Haršányiová, Marcela 
700 1 |a Weiss, Peter 
710 2 |a Fakulta medzinárodných vzťahov EU. Katedra medzinárodných politických vzťahov